000
00510nam a2200145Ia 4500
008
100204s9999 xx 000 0 und d
082
_b
8825
100
_a
मेणजोगे सिताराम
245
_a
पोष्टाचे अंतरंग
260
_b
"डिंंंंप्ंाल पब्लिकेशन, वसई"
_c
1986
300
_a
141
630
_a
पोष्टाचे अंतरंग
730
_a
पोष्टाचे अंतरंग
942
_c
BOOK
999
_c
453261
_d
453258